<?xml version="1.0" encoding="UTF-8"?>
<record
    xmlns:xsi="http://www.w3.org/2001/XMLSchema-instance"
    xsi:schemaLocation="http://www.loc.gov/MARC21/slim http://www.loc.gov/standards/marcxml/schema/MARC21slim.xsd"
    xmlns="http://www.loc.gov/MARC21/slim">

  <leader>02598nam a2200265 a 4500</leader>
  <controlfield tag="001">000087274</controlfield>
  <controlfield tag="005">20200120224940.0</controlfield>
  <controlfield tag="008">180703s2017    ck     e||    ||| ||spa d</controlfield>
  <datafield tag="020" ind1=" " ind2=" ">
    <subfield code="a">9789588969589</subfield>
  </datafield>
  <datafield tag="041" ind1=" " ind2=" ">
    <subfield code="a">spa</subfield>
  </datafield>
  <datafield tag="043" ind1=" " ind2=" ">
    <subfield code="a">s-ck---</subfield>
  </datafield>
  <datafield tag="090" ind1=" " ind2=" ">
    <subfield code="a">AN</subfield>
    <subfield code="b">NORLUd</subfield>
  </datafield>
  <datafield tag="100" ind1="1" ind2=" ">
    <subfield code="a">Noriega, Luis</subfield>
    <subfield code="d">1972-</subfield>
  </datafield>
  <datafield tag="245" ind1="1" ind2="0">
    <subfield code="a">Donde mueren los payasos /</subfield>
    <subfield code="c">Luis Noriega; ilustraciones de Matador; pr&#xF3;logo de Pirry.</subfield>
  </datafield>
  <datafield tag="250" ind1=" " ind2=" ">
    <subfield code="a">1a. ed.</subfield>
  </datafield>
  <datafield tag="260" ind1=" " ind2=" ">
    <subfield code="a">Bogot&#xE1; :</subfield>
    <subfield code="b">Random House,</subfield>
    <subfield code="c">2017.</subfield>
  </datafield>
  <datafield tag="300" ind1=" " ind2=" ">
    <subfield code="a">373 p&#xE1;ginas.</subfield>
  </datafield>
  <datafield tag="520" ind1=" " ind2=" ">
    <subfield code="a">"Esta es una novela de payasos y de pol&#xED;ticos; pol&#xED;ticos que no saben que son payasos y payasos que quisieran hacer carrera pol&#xED;tica. Pero tambi&#xE9;n es una novela de gur&#xFA;s &#xED;ntegros y diplom&#xE1;ticas arp&#xED;as, de periodistas de verdad e inventores de noticias, de profesores felizmente casados y adolescentes aficionados a los videojuegos, de autores pusil&#xE1;nimes y editores mercantilistas, de zombis y mercenarios y psic&#xF3;patas... Lo que el lector tiene entre las manos no es una farsa porque se trate de una pieza c&#xF3;mica que echa mano de la exageraci&#xF3;n, la parodia y otros recursos por el estilo, sino porque sus personajes son una colecci&#xF3;n de farsantes. Nada m&#xE1;s realista, de hecho, que poner a un payaso de candidato a la presidencia. La democracia del siglo XXI es aqu&#xED; una encuesta eterna, la del Bar&#xF3;metro Permanente de Opini&#xF3;n, la herramienta online que veinticuatro horas al d&#xED;a, siete d&#xED;as a la semana, refleja fielmente el estado del Estado de opini&#xF3;n. Un pueblo conectado a Internet quiz&#xE1; no necesite elecciones, pero circo siempre le har&#xE1; falta, sobre todo cuando es un pueblo sin pan. Con todo, el payaso Cucaracho es algo m&#xE1;s que un artista del espect&#xE1;culo; se trata de la mayor amenaza al statu quo que el pa&#xED;s aqu&#xED; retratado haya conocido en m&#xE1;s de una d&#xE9;cada. Esta es una novela de payasos y, por lo tanto, lo &#xFA;nico que podr&#xED;a critic&#xE1;rsele son los calambres de la risa que procurar&#xE1; al lector. Claro que, como todo el mundo sabe, los payasos son seres tristes, y m&#xE1;s triste a&#xFA;n es que esta farsa sobre un pa&#xED;s corrupto e impotente cualquiera se parezca tanto a la vida en tantos pa&#xED;ses de verdad. Sin embargo, no hay que olvidar que, como dice uno de los distinguidos farsantes de este libro que reflexiona sobre s&#xED; mismo, el gran descubrimiento de la novela moderna es que la infelicidad vende."</subfield>
  </datafield>
  <datafield tag="650" ind1="1" ind2="4">
    <subfield code="a">Novela colombiana</subfield>
  </datafield>
  <datafield tag="650" ind1="2" ind2="4">
    <subfield code="a">Literatura colombiana</subfield>
  </datafield>
  <datafield tag="650" ind1="2" ind2="4">
    <subfield code="a">Misterio en la literatura</subfield>
  </datafield>
  <datafield tag="650" ind1="2" ind2="4">
    <subfield code="a">Pol&#xED;tica en la literatura</subfield>
  </datafield>
  <datafield tag="650" ind1="2" ind2="4">
    <subfield code="a">Novela humor&#xED;stica</subfield>
  </datafield>
  <datafield tag="650" ind1="2" ind2="4">
    <subfield code="a">S&#xE1;tira polit&#xED;ca</subfield>
    <subfield code="z">Colombia</subfield>
  </datafield>
  <datafield tag="999" ind1=" " ind2=" ">
    <subfield code="c">11856</subfield>
    <subfield code="d">11856</subfield>
  </datafield>
  <datafield tag="952" ind1=" " ind2=" ">
    <subfield code="0">0</subfield>
    <subfield code="1">0</subfield>
    <subfield code="2">ddc</subfield>
    <subfield code="4">0</subfield>
    <subfield code="7">0</subfield>
    <subfield code="8">LA</subfield>
    <subfield code="a">BPMOS</subfield>
    <subfield code="b">BPMOS</subfield>
    <subfield code="d">2020-01-20</subfield>
    <subfield code="i">NT</subfield>
    <subfield code="l">2</subfield>
    <subfield code="m">1</subfield>
    <subfield code="o">AN NORLUd</subfield>
    <subfield code="p">MOS019838</subfield>
    <subfield code="r">2024-07-31</subfield>
    <subfield code="s">2024-07-24</subfield>
    <subfield code="t">ej.1</subfield>
    <subfield code="w">2020-01-20</subfield>
    <subfield code="y">BKLIT</subfield>
    <subfield code="z">Quince d&#xED;as</subfield>
  </datafield>
</record>
